| 000 | 01435ngm a22003370a 4500 | ||
|---|---|---|---|
| 001 | PT14856 | ||
| 003 | AR-LpoUNG | ||
| 005 | 20210202000038.0 | ||
| 007 | vd cvaizq | ||
| 008 | 191001s1957||||ag |||||||||||||||||swe d | ||
| 037 | _c$6.63 | ||
| 040 |
_aAR-LpoUNG _bspa _cAR-LpoUNG _eaacr |
||
| 041 |
_aswe _aspa |
||
| 044 | _aag | ||
| 082 | 0 | _a305.552 495cua | |
| 100 | 1 |
_aBergman, Ingmar _edir. |
|
| 245 | 1 | 0 | _aCuando huye el día |
| 260 |
_aBuenos Aires : _bKinema, _c1957. |
||
| 300 | _aVHS : son., byn | ||
| 505 | 0 | _aFotografía: Gunnar Fischer ; música: Erik Nordgren. - Diálogos en sueco, subtítulos en castellano | |
| 520 | _a<p>El profesor Isaac Borg debe asistir en la Universidad de Lund al jubileo de sus 50 años como médico. Un sueño le hace tomar conciencia que el fin de su vida se acerca. Con su nuera Mariana, viaja en auto hacia Lund. Durante el trayecto irá reviviendo su infancia y su juventud. Victor Sjöstrom, el destacado director de cine sueco, encarna con profunda compenetración a ese ser humano cuya vida ha sido marcada por un enorme egoísmo y a quien los honores no consiguen borrar la sensación de fracaso.</p> | ||
| 650 | 4 | _aCOMPORTAMIENTO | |
| 650 | 4 | _aINDIVIDUOS | |
| 650 | 4 | _aMORAL | |
| 650 | 4 | _aPERSONALIDAD | |
| 650 | 4 | _aVALORES SOCIALES | |
| 653 | _aCINE CLASICO | ||
| 653 | _aVIDEOS | ||
| 905 | _a14856 | ||
| 942 | _cVIDEO | ||
| 999 |
_c54024 _d54024 |
||